| 000 | 00565nam a2200181Ia 4500 | ||
|---|---|---|---|
| 003 | GCL | ||
| 008 | 140319s9999 xx 000 0 ara d | ||
| 040 |
_aGCL / _cGCL |
||
| 082 | 0 | 4 |
_a921 _bب ح |
| 100 | 1 | _aطه فوزى (مترجم) | |
| 245 | 1 | 0 |
_aحياة نيكولو ماكيافيلى الفلورنسى / _cطه فوزى (مترجم) |
| 700 | 1 | _aبريفيزولينى، جوزيبى | |
| 300 | _a238 ص | ||
| 490 |
_aالالف كتاب _v0 |
||
| 650 | 0 | 4 | _aالفلاسفة - تراجم |
| 650 | 0 | 4 | _aماكيافيلى , نيكولو |
| 942 |
_2ddc _cBK |
||
| 999 |
_c44818 _d44818 |
||